Alle Spieler, die an der Premier League of Darts teilgenommen haben - Statistiken

Allgemein
  • Dieses Quiz wurde 350 mal gespielt
    20 seit der letzten Aktualisierung
  • Das Durchschnittsergebnis liegt bei 30 aus 43
Antwortstatistiken
Teilnahmen Nationalität Antwort % Korrekt
2011, 2012, 2013, 2014, 2015, 2016, 2017, 2018, 2020, 2021, 2022 Schottland Gary Anderson
100%
2018, 2019, 2020, 2022, 2023, 2024, 2025, 2026 Wales Gerwyn Price
100%
2021, 2022, 2023, 2026 Wales Jonny Clayton
100%
2026 Nordirland Josh Rock
100%
2024, 2025, 2026 England Luke Humphries
100%
2024, 2025, 2026 England Luke Littler
100%
2013, 2014, 2015, 2016, 2017, 2018, 2019, 2020, 2021, 2022, 2023, 2024, 2025, 2026 Niederlande Michael van Gerwen
100%
2014, 2015, 2016, 2017, 2018, 2019, 2020, 2021, 2022, 2023, 2024 Schottland Peter Wright
100%
2005, 2006, 2007, 2008, 2009, 2010, 2011, 2012, 2013, 2014, 2015, 2016, 2017 England Phil Taylor
100%
2006, 2007, 2008, 2009, 2010, 2011, 2012, 2013, 2014, 2015, 2016, 2017, 2018, 2019 Niederlande Raymond van Barneveld
100%
2015, 2025, 2026 England Stephen Bunting
100%
2007, 2008, 2010, 2011, 2012, 2013, 2014, 2015, 2016, 2017 England Adrian Lewis
94%
2021, 2023 Belgien Dimitri van den Bergh
94%
2026 Niederlande Gian van Veen
94%
2018, 2019 Österreich Mensur Suljovic
94%
2016, 2018, 2019, 2020, 2022, 2023, 2024 England Michael Smith
94%
2010, 2011, 2012, 2013, 2014, 2018 Australien Simon Whitlock
94%
2018, 2019, 2020 Nordirland Daryl Gurney
89%
2008, 2009, 2010, 2011, 2012, 2013, 2015, 2016, 2017, 2019, 2021, 2022 England James Wade
89%
2021 Portugal Jose de Sousa
89%
2015, 2017 Belgien Kim Huybrechts
89%
2020, 2021, 2023, 2024, 2025 England Nathan Aspinall
83%
2018, 2019, 2020, 2021, 2024, 2025 England Rob Cross
83%
2023, 2025 England Chris Dobey
78%
2005, 2008, 2009 Kanada John Part
78%
2014, 2015, 2016, 2017 England Dave Chisnall
72%
2020, 2021 England Glen Durrant
67%
2022 England Joe Cullen
67%
2013, 2014, 2016 Schottland Robert Thornton
67%
2009, 2017 Niederlande Jelle Klaasen
56%
2011 Wales Mark Webster
44%
2009, 2010 England Mervyn King
39%
2005, 2006, 2008, 2009 England Wayne Mardle
39%
2007 England Dennis Priestley
33%
2012, 2013 England Andy Hamilton
28%
2012 England Kevin Painter
28%
2005, 2006, 2007, 2008 England Peter Manley
28%
2005, 2006, 2007 Niederlande Roland Scholten
28%
2007, 2008, 2009, 2010, 2011 England Terry Jenkins
28%
2005, 2006, 2007 England Colin Lloyd
11%
2013, 2014 England Wes Newton
11%
2005 England Mark Dudbridge
6%
2006, 2010 England Ronnie Baxter
6%
Keine übereinstimmenden Quizze gefunden
Verteilung der Resultate
Anzahl Personen mit jedem Resultat
Perzentil nach korrekt beantworteten Fragen
Ihre Resultats-Entwicklung
Sie haben dieses Quiz seit der letzten Aktualisierung nicht gespielt